[Event "Mittelfranken Mitte-ch 0708"]
[Site "Zirndorf"]
[Date "2008.01.04"]
[Round "1"]
[White "Luther, Helmut"]
[Black "Khasanov, Ilya"]
[Result "1-0"]
[WhiteElo "1929"]
[BlackElo "1533"]
[PlyCount "51"]
[EventDate "2008.01.04"]
[EventType "swiss"]
[EventRounds "7"]
[EventCountry "GER"]
[SourceTitle "EXT 2015"]
[Source "ChessBase"]
[SourceDate "2014.11.20"]
[SourceVersion "1"]
[SourceVersionDate "2014.11.20"]
[SourceQuality "1"]

1. d4 d5 2. c4 Nf6 3. cxd5 Qxd5 4. Nc3 Qf5 5. Nf3 Nc6 6. e3 Nb4 7. Qa4+ Nc6 8. Bb5 Bd7 9. 0-0 a6 10. Re1 e6 11. e4 Qh5 12. d5 Ne5 13. Bxd7+ Nfxd7 14. Nd4 Bd6 15. dxe6 fxe6 16. Ncb5 0-0 17. Nxd6 cxd6 18. Nxe6 Qg6 19. Nxf8 Rxf8 20. Qb3+ Kh8 21. Qg3 Qf7 22. Be3 Nd3 23. Red1 N7e5 24. f4 Nxf4 25. Bxf4 Qxf4 26. Rf1 1-0